00729nam a2200253 a 4500001001300000003000900013005001700022008004100039020001000080082001500090100002200105245001600127260004800143300000800191500003500199505004100234650001400275650001900289700002200308902000800330942000700338952011500345999001500460nice12345678IN_TiNIC20260116011426.0050524s1958 laha grp 000 0 urd  ac10000a234.5bGOL aGoldsack, William aAl-Kaffarah aLahorebPunjab Religious Booksociety c1958 a16p aincludes index and biblioraphy2 a12 Volumes in Bounded in Six Volumes aAtonement aReconciliation1 aGoldsack, William bSRS cBK 001040708StackRoom-aHMIbHMId2007-06-20g100.00l0o234.5 GOLp04677r2007-06-20v100.00w2005-05-24yBK c1425d1425